000 00435nam a2200181Ia 4500
001 15765
005 20260306170220.0
008 260306t2015||||xx |||||||||||||| ||und||
041 _aESP
082 _a620
_bR81
100 _aRomero Hernández, Sergio
_eAUT
245 0 _aIntroducción a la ingeniería
260 _c2015
300 _axv, 526 páginas :
_c25 cm.
650 _aGEN
654 _aCII
942 _cLIB
_dJUS
_fJUS
_2ddc
_n
999 _c15765
_d15765